Statistiques concernant Culture Générale - Série 1076

Cliquez ici pour prendre le quiz!

Statistiques générales

  • Ce quiz a été pris 43 fois
  • Le résultat moyen est 5 sur 10

Statistiques - réponses

Question Réponse % Correct
Quel liquide du corps humain appelle-t-on familièrement l'hémoglobine ?sang
100%
Quel instrument courbé, d'origine australienne, est capable en tournant sur lui-même de revenir à son point de départ ?boomerang
84%
Quel nom donne-t-on aux cadavres embaumés et entourés de bandelettes dans l'Égypte antique ?momies
84%
A quel écrivain français du XIXe siècle doit-on le roman "Le Colonel Chabert" ?Honoré de Balzac
50%
Quel nom donnait-on à un soldat de la Vieille Garde de Napoléon Ier ?grognard
42%
Quel cofondateur du mouvement de la négritude fut le premier président du Sénégal jusqu'en 1980, avant d'être élu à l'Académie française en 1983 ?Léopold Sédar Senghor
37%
À quel chanteur, parolier et compositeur, prénommé Boby, doit-on “Aragon et Castille” et “Framboise” ?Boby Lapointe
34%
À quel réalisateur, prénommé Claude, doit-on “La Jument verte”, avec Bourvil et Francis Blanche ?Claude Autant-Lara
24%
Quel roi d'Angleterre a inspiré à Shakespeare un drame écrit entre 1592 et 1593 ?Richard III
13%
Quel médecin français a fondé la première chaire de neurologie au monde, à l'hôpital de la Salpêtrière, à Paris ?Jean Martin Charcot
8%

Distribution des résultats

Percentile par nombre de réponses

% des personnes avec chaque résultat

Votre développement - résultats

Vous n’avez pas pris ce quiz